000 00431nam a2200157 a 4500
005 20251018131742.0
008 251018s2025##################000#0#eng##
020 _a9788121107648
082 0 4 _a582.16095
_bBOU
100 _aBourdillon, T.f.
245 1 0 _aThe Forest Trees Of Travancore
_cT.F.BOURDILLON
250 _a1st
260 _aDehradun
_bM/s Bishen Singh Mahendra Pal Singh
_c1976
650 _aBotany
942 _cENGLISH
999 _c592341
_d592341